Rusko-slovenský a slovensko-ruský technický slovník

Salvato in:
Dettagli Bibliografici
Natura: Libro
Lingua:russo
slovacco
Pubblicazione: Bratislava Alfa 1984
Serie:Edícia prekladových slovníkov
Tags: Aggiungi Tag
Nessun Tag, puoi essere il primo ad aggiungerne!!

MARC

LEADER 00000nam a2200000 4500
001 c112543
005 20150325110615.0
041 0 |a rus 
041 0 |a slo 
044 |a SK 
245 1 0 |a Rusko-slovenský a slovensko-ruský technický slovník 
264 1 |a Bratislava  |b Alfa  |c 1984 
300 |a 1135 s. 
490 1 |a Edícia prekladových slovníkov 
830 0 |a Edícia prekladových slovníkov